000 01498cad a2200229 4500
001 L155077
008 120228n2012 000 0 eng u
035 _a(Sirsi) u155077
041 0 _aeng
110 2 _aBuildoffsite.com
_96089
245 0 0 _aBuildoffsite review 2012
_bthe business case for offsite
_h[electronic resource]
505 _aPromoting offsite construction -- Mission statement -- Chairman's review and introduction -- Buildoffsite work programme -- Drivers for offsite solutions -- Strategic and organisational benefits -- Design for manufacture and assembly (DFMA) -- Lean production -- The role of building information modelling (BIM) -- Sustainability -- The business case for offsite project solutions -- The hard evidence -- Next steps -- Getting the message across -- Matrices -- Case studies -- Members and Governance -- Buildoffsite members -- Buildoffsite Lloyds Registration Scheme
520 _aBuildoffsite is a membership organisation acting to promote significant improvements in quality and value within the UK construction industry, focussing on achieving sustained growth in the use of offsite solutions.
590 _aKA NTK
651 4 _aUnited Kingdom
_y
690 _aConstruction management
_96230
690 _aCost management
_96233
690 _aDesign and specification
690 _aBIM
_96219
856 4 0 _uhttps://www.buildoffsite.com/pdf/Yearbook/bos_yearbook_2012_49pp.pdf
_zView the review free of charge at www.buildoffsite.com
942 _n0
999 _c120957
_d120957